000 00808 a2200241 4500
005 20251113122159.0
008 251113b |||||||| |||| 00| 0 eng d
020 _a9789392443169 (hbk)
037 _cTB
040 _aCRL
_cCRL
041 _2eng
_aeng
084 _aR2 R5
_qCRL
100 _aPanneerselvam, S.
_9846358
245 _aPostmodern hermeneutics:
_bA studies of language, knowledge and life - world
260 _aNew Delhi, India:
_bSuryodaya Books,
_c2025.
300 _axii, 258p.
365 _b900.00
_cINR
650 _aPhilosophy
_9851144
650 _aPostmodernism
_9851145
650 _aHermenneutics
_9851146
942 _cTB
_2CC
_n0
_hR2 R5
999 _c1463917
_d1463917